000 00301nam a2200109Ia 4500
008 220120s9999||||xx |||||||||||||| ||und||
100 _aRoth, Charles, H
245 0 _aDigital systems design using VHDL
260 _aThomson books cole
_bBAangalore
_c2002
300 _a52p;
_b175
650 _aNOVELS
_95821
999 _c136619
_d136619